[Event "WCC"]
[Site "Khanty Mansyisk RUS"]
[Date "2005.11.27"]
[Round "1.1"]
[White "Najer,E"]
[Black "Ghaem Maghami,E"]
[Result "1-0"]
[WhiteElo "2641"]
[BlackElo "2586"]
[EventDate "2005.11.27"]

1. e4 c5 2. Nf3 d6 3. d4 cxd4 4. Nxd4 Nf6 5. Nc3 a6 6. Be3 e5 7. Nb3 Be6 8.
Qd2 b5 9. O-O-O Nbd7 10. f3 Nb6 11. Qf2 Nc4 12. Bxc4 bxc4 13. Na5 Qc8 14.
Nd5 Rb8 15. Qe2 Bxd5 16. exd5 c3 17. b3 Rb5 18. Qc4 Qxc4 19. Nxc4 Be7 20.
Rd3 e4 21. fxe4 Nxe4 22. a4 Rb8 23. Bd4 O-O 24. Bxc3 Bg5+ 25. Kb1 Nf2 26.
Rg3 Ne4 27. Rf3 Rfc8 28. Ka2 Rc5 29. Rd1 Nxc3+ 30. Rxc3 h5 31. Rf3 Rb4 32.
Ka3 Rb8 33. Rf5 Bf6 34. Re1 h4 35. Re2 Bc3 36. Nxd6 g6 37. Rf3 Bb4+ 38. Ka2
Rxd5 39. Nxf7 Rc8 40. Nh6+ Kg7 41. Ng4 Rd1 42. Kb2 Rcd8 43. Re4 a5 44. Rc4
Bd6 45. Rc6 Rd2 46. Ra6 Rxg2 47. h3 Bf8 48. Ra7+ Kh8 49. Rff7 Rxg4 50. hxg4
Kg8 51. Rh7 g5 52. Rhd7 Re8 53. Rxa5 Bh6 54. Rd3 Re4 55. Ra8+ Bf8 56. Rd5
1-0

[Event "WCC"]
[Site "Khanty Mansyisk RUS"]
[Date "2005.11.27"]
[Round "1.1"]
[White "Kotsur,P"]
[Black "Naiditsch,A"]
[Result "1/2-1/2"]
[WhiteElo "2587"]
[BlackElo "2641"]
[EventDate "2005.11.27"]

1. c4 e5 2. g3 Nf6 3. Bg2 d5 4. cxd5 Nxd5 5. Nf3 Nc6 6. O-O Nb6 7. b3 Be6
8. Bb2 f6 9. Qc2 Nb4 10. Qc1 c5 11. d3 Be7 12. Nbd2 O-O 13. Ne4 Rc8 14. a3
Nc6 15. Qd1 Nd4 16. Nfd2 Qd7 17. Re1 Rfd8 18. Rc1 Bf8 19. e3 Nf5 20. Bf1
Kh8 21. Qc2 Qf7 22. Ba1 Nd5 23. Qb1 b6 24. Bxe5 Nfxe3 25. fxe3 fxe5 26. Nc4
Qh5 27. Qb2 Nf6 28. Nf2 Nd7 29. Bg2 Qh6 30. Ne4 b5 31. Ncd2 Nb6 32. Nf2 Re8
33. Nf3 Nd5 34. Qe2 b4 35. Nxe5 Nc3 36. Qb2 Bxb3 37. d4 Bg8 38. dxc5 Bxc5
39. axb4 Na4 40. Qa3 Bxe3 41. Rxc8 Bxf2+ 42. Kxf2 Rxc8 43. Kg1 Qb6+ 44. Qe3
Qxb4 45. Nc6 Qb6 46. Nxa7 Qxe3+ 1/2-1/2

[Event "WCC"]
[Site "Khanty Mansyisk RUS"]
[Date "2005.11.27"]
[Round "1.1"]
[White "Onischuk,Al"]
[Black "Popov,Val"]
[Result "1-0"]
[WhiteElo "2640"]
[BlackElo "2588"]
[EventDate "2005.11.27"]

1. d4 d5 2. c4 c6 3. Nf3 Nf6 4. e3 a6 5. Bd3 Bg4 6. O-O e6 7. Nbd2 Nbd7 8.
b3 Bh5 9. Qc2 Bd6 10. Bb2 Qb8 11. h3 Bg6 12. e4 dxe4 13. Nxe4 Nxe4 14. Bxe4
O-O 15. Bxg6 hxg6 16. Rad1 Nf6 17. Rfe1 Qc7 18. Bc3 Rfd8 19. a4 b5 20. Qd2
Bf4 21. Qe2 bxa4 22. bxa4 c5 23. g3 cxd4 24. Rxd4 Rxd4 25. Bxd4 Bd6 26. c5
Bf8 27. Qc4 Nd5 28. Ne5 Rb8 29. Qxa6 Bxc5 30. Rc1 Qd6 31. Qxd6 Bxd6 32. a5
Ra8 33. Nc4 Bb4 34. Rb1 f6 35. Nb6 Nxb6 36. axb6 Bd6 37. b7 Re8 38. Rc1 Bb8
39. Rc8 Kf7 40. Bb6 1-0

[Event "WCC"]
[Site "Khanty Mansyisk RUS"]
[Date "2005.11.27"]
[Round "1.1"]
[White "Bocharov,D"]
[Black "Smirnov,P"]
[Result "1-0"]
[WhiteElo "2592"]
[BlackElo "2637"]
[EventDate "2005.11.27"]

1. d4 Nf6 2. c4 e6 3. Nc3 Bb4 4. Qc2 O-O 5. a3 Bxc3+ 6. Qxc3 b6 7. Nf3 Bb7
8. e3 d5 9. b3 Nbd7 10. Be2 Rc8 11. O-O c5 12. a4 cxd4 13. exd4 Ba6 14. Ba3
Re8 15. Rac1 Rc7 16. Qb2 Ne4 17. Rfd1 Qa8 18. Rc2 Rec8 19. Rdc1 dxc4 20.
bxc4 Re8 21. h3 h6 22. Bb4 Nef6 23. a5 Qd8 24. Qa3 Bb7 25. Bd6 Rc8 26. c5
bxc5 27. dxc5 Be4 28. Rd2 Bd5 29. Ba6 Ne4 30. Rxd5 exd5 31. Bxc8 Qxc8 32.
c6 Nxd6 33. Qxd6 1-0

[Event "WCC"]
[Site "Khanty Mansyisk RUS"]
[Date "2005.11.27"]
[Round "1.1"]
[White "Movsesian,S"]
[Black "Paragua,M"]
[Result "1/2-1/2"]
[WhiteElo "2635"]
[BlackElo "2596"]
[EventDate "2005.11.27"]

1. e4 c5 2. Nf3 d6 3. d4 cxd4 4. Nxd4 Nf6 5. Nc3 a6 6. Be3 e5 7. Nb3 Be6 8.
f3 h5 9. f4 exf4 10. Bxf4 Nc6 11. Qd2 d5 12. exd5 Nxd5 13. Nxd5 Qxd5 14.
O-O-O O-O-O 15. Bd3 Bd6 16. Be3 Nb4 17. Kb1 Nxd3 18. cxd3 Kb8 19. Ka1 Rc8
20. h3 f6 21. Rhe1 Bf7 22. Bg1 1/2-1/2

[Event "WCC"]
[Site "Khanty Mansyisk RUS"]
[Date "2005.11.27"]
[Round "1.1"]
[White "Zhang Zhong"]
[Black "Kobalia,M"]
[Result "1/2-1/2"]
[WhiteElo "2598"]
[BlackElo "2634"]
[EventDate "2005.11.27"]

1. c4 Nf6 2. Nc3 e5 3. g3 Bb4 4. Bg2 O-O 5. Nf3 Re8 6. O-O Bxc3 7. bxc3 Nc6
8. Ne1 d5 9. cxd5 Nxd5 10. Nc2 Bg4 11. f3 Bh5 12. e4 Nb6 13. d4 f6 14. Qd3
Na5 15. Ne3 c6 16. f4 Bf7 17. fxe5 fxe5 18. Ba3 Qd7 19. Rf2 Nac4 20. Nxc4
Bxc4 21. Qe3 Be6 22. Bc5 Rad8 23. Bxb6 axb6 24. d5 cxd5 25. exd5 Bh3 26.
Bxh3 Qxh3 27. Qxb6 Rxd5 28. Qxb7 Qe6 29. Raf1 e4 30. Rf7 Rg5 31. Qb3 h6 32.
R7f5 Rxf5 33. Rxf5 Kh7 34. Qxe6 Rxe6 35. c4 e3 36. Kf1 Ra6 37. Ke2 Rxa2+
38. Kxe3 Rxh2 39. c5 Kg6 40. Rf4 Rg2 41. Kd4 Rxg3 42. c6 Ra3 43. Rf8 Ra7
44. Kc5 h5 45. Kb6 Re7 46. c7 Rxc7 47. Kxc7 h4 48. Kd6 Kg5 49. Ke5 Kg4 50.
Rf1 h3 51. Rg1+ Kf3 52. Rxg7 h2 1/2-1/2

[Event "WCC"]
[Site "Khanty Mansyisk RUS"]
[Date "2005.11.27"]
[Round "1.1"]
[White "Miroshnichenko,E"]
[Black "Korneev,O"]
[Result "1-0"]
[WhiteElo "2634"]
[BlackElo "2601"]
[EventDate "2005.11.27"]

1. Nf3 d5 2. d4 Nf6 3. c4 c6 4. Qc2 dxc4 5. Qxc4 Bg4 6. Nbd2 Nbd7 7. g3 e6
8. Bg2 Be7 9. O-O O-O 10. b3 Qa5 11. h3 Bf5 12. Nh4 Nb6 13. Nxf5 Nxc4 14.
Nxe7+ Kh8 15. Nxc4 Qc7 16. Ba3 Rae8 17. Nxc6 bxc6 18. Bxf8 Rxf8 19. Rfc1
Nd7 20. b4 g6 21. a3 e5 22. dxe5 Nxe5 23. Na5 Qe7 24. Ra2 g5 25. Rac2 Rd8
26. Nxc6 Nxc6 27. Bxc6 Kg7 28. Bf3 Qe6 29. Rc5 h6 30. Kg2 Rd6 31. Ra5 Ra6
32. Rcc5 Rxa5 33. Rxa5 Qb6 34. Be4 Qd4 35. Bd3 Qb6 36. Kg1 Qd4 37. Kg2 f6
38. Rb5 h5 39. a4 h4 40. g4 Kf8 41. a5 Ke7 42. a6 Kd6 43. Rb8 Qd5+ 44. Kg1
Qc6 45. b5 Qc7 46. Rb7 Qc1+ 47. Kg2 Qc5 48. Be4 f5 49. Bxf5 Qd5+ 50. e4 Qc5
51. b6 axb6 52. Rd7+ Kc6 53. a7 Qa5 54. e5 Qa4 55. e6 Kc5 56. e7 Qc6+ 57.
Kg1 Qa8 58. Bg6 1-0

[Event "WCC"]
[Site "Khanty Mansyisk RUS"]
[Date "2005.11.27"]
[Round "1.1"]
[White "Alekseev,Evgeny"]
[Black "Kazhgaleyev,M"]
[Result "1/2-1/2"]
[WhiteElo "2632"]
[BlackElo "2602"]
[EventDate "2005.11.27"]

1. e4 e5 2. Nf3 Nc6 3. Bb5 a6 4. Ba4 Nf6 5. O-O Be7 6. Re1 b5 7. Bb3 d6 8.
c3 O-O 9. h3 Na5 10. Bc2 c5 11. d4 Qc7 12. Nbd2 cxd4 13. cxd4 Rd8 14. b3
Nc6 15. Bb2 Bb7 16. Rc1 Qb6 17. Nf1 d5 18. exd5 Rxd5 19. Ne3 Rdd8 20. d5
Bb4 21. Re2 Ne7 22. Nxe5 Nexd5 23. Nxd5 Rxd5 24. Qf1 Rad8 25. Kh2 Rd2 26.
Rce1 Qc7 27. Rc1 Qb6 28. Rce1 Nd5 29. a3 Nf4 30. axb4 Nxe2 31. Rxe2 Qc7 32.
Qc1 Qd6 33. Bd3 Rxd3 34. Qf4 Qd5 35. f3 Rxb3 36. Rd2 Rxb2 37. Rxd5 Bxd5 38.
h4 Be6 39. Nc6 Re8 40. Qd6 Rc2 41. Nd4 Rc4 42. f4 Bg4 43. f5 Rxd4 44. Qxd4
Bxf5 45. g4 Be6 46. g5 g6 47. Qb6 Bc4 48. Qxa6 Re6 49. Qc8+ Kg7 50. Qc5 Kg8
51. Kg3 Kg7 52. Qd4+ Kg8 53. Kf4 Re8 54. Kg3 1/2-1/2

[Event "WCC"]
[Site "Khanty Mansyisk RUS"]
[Date "2005.11.27"]
[Round "1.1"]
[White "Jobava,Ba"]
[Black "Beliavsky,A"]
[Result "1/2-1/2"]
[WhiteElo "2601"]
[BlackElo "2631"]
[EventDate "2005.11.27"]

1. d4 Nf6 2. Nf3 e6 3. c4 b6 4. Nc3 Bb7 5. a3 d5 6. Bg5 Be7 7. Qa4+ c6 8.
cxd5 exd5 9. e3 O-O 10. Bd3 Nbd7 11. Ne5 Qc7 12. Nxd7 Qxd7 13. O-O h6 14.
Bh4 Rfd8 15. Rfc1 c5 16. Qxd7 Rxd7 17. dxc5 bxc5 18. Ne2 g5 19. Bg3 Ne4 20.
Be5 f6 21. Bb5 Rdd8 22. Bc7 Rdc8 23. Ba5 Kf7 24. Bd7 Rh8 25. f3 Nd6 26. b3
Nc8 27. Kf2 Nb6 28. Bf5 h5 29. Rd1 Rhd8 30. Nc3 d4 31. exd4 cxd4 32. Nb5
Rd5 33. Bd3 Re5 34. b4 Ba6 35. Nxa7 Bxd3 36. Rxd3 Nc4 37. Nc6 Re6 38. Nxe7
Rxe7 39. Rxd4 Nxa5 40. bxa5 Rxa5 41. a4 h4 42. Ra2 Kg6 43. Re4 Rb7 44. Ke2
f5 45. Rd4 h3 46. gxh3 f4 47. h4 Rh7 48. Kd3 Rxh4 49. Kc4 Rh8 50. Kb4 Rha8
51. Rc4 Kh5 52. Rc5 Rxc5 53. Kxc5 g4 54. a5 gxf3 55. Kb6 Rg8 56. a6 Rg6+
57. Kb5 Rg2 58. Ra4 Rg5+ 59. Kb6 Rg6+ 60. Ka5 Rg5+ 61. Kb6 Rg6+ 62. Ka5
1/2-1/2

[Event "WCC"]
[Site "Khanty Mansyisk RUS"]
[Date "2005.11.27"]
[Round "1.1"]
[White "Kaidanov,G"]
[Black "Felgaer,R"]
[Result "1/2-1/2"]
[WhiteElo "2608"]
[BlackElo "2636"]
[EventDate "2005.11.27"]

1. d4 d5 2. c4 c6 3. Nf3 Nf6 4. Nc3 dxc4 5. a4 Bf5 6. e3 e6 7. Bxc4 Bb4 8.
O-O O-O 9. Nh4 Nbd7 10. Nxf5 exf5 11. f3 Qa5 12. Qc2 c5 13. d5 Nb6 14. Bd3
Bxc3 15. bxc3 Nbxd5 16. c4 Nb4 17. Qc3 Nc6 18. Qxa5 Nxa5 19. Bb2 Rfe8 20.
Kf2 Nd7 21. Rac1 g6 22. Rfd1 Rad8 23. Be2 Nb6 24. Rxd8 Rxd8 25. Bc3 Nc6 26.
a5 Nd7 27. Rb1 b6 1/2-1/2

[Event "WCC"]
[Site "Khanty Mansyisk RUS"]
[Date "2005.11.27"]
[Round "1.1"]
[White "Istratescu,A"]
[Black "Ftacnik,L"]
[Result "1/2-1/2"]
[WhiteElo "2622"]
[BlackElo "2612"]
[EventDate "2005.11.27"]

1. c4 Nf6 2. Nf3 c5 3. Nc3 e6 4. g3 b6 5. Bg2 Bb7 6. O-O Be7 7. b3 O-O 8.
Bb2 a6 9. e3 d6 10. d4 cxd4 11. exd4 Nbd7 12. a4 d5 13. Ne5 Qc7 14. cxd5
Nxe5 15. dxe5 Nxd5 16. Ne4 Rfc8 17. Rc1 Qd8 18. Qg4 Rxc1 19. Rxc1 Rc8 20.
Rd1 Rc2 21. Nf6+ Bxf6 22. exf6 g6 23. Be5 Qf8 24. Be4 Qb4 25. Qg5 Re2 26.
Bf3 Re1+ 27. Rxe1 Qxe1+ 28. Kg2 Kf8 29. Bd4 Ke8 30. Qh6 e5 31. Qg7 Nf4+ 32.
gxf4 Bxf3+ 33. Kxf3 Qd1+ 34. Kg2 1/2-1/2

[Event "WCC"]
[Site "Khanty Mansyisk RUS"]
[Date "2005.11.27"]
[Round "1.1"]
[White "Sadvakasov,D"]
[Black "Milos,G"]
[Result "1-0"]
[WhiteElo "2612"]
[BlackElo "2620"]
[EventDate "2005.11.27"]

1. e4 c5 2. Nf3 Nc6 3. d4 cxd4 4. Nxd4 Nf6 5. Nc3 d6 6. Bg5 e6 7. Qd2 a6 8.
O-O-O Bd7 9. f4 b5 10. Bxf6 gxf6 11. Kb1 Qb6 12. Nce2 Rc8 13. g3 b4 14. Bh3
a5 15. Rhe1 a4 16. Nxc6 Qxc6 17. Nd4 Qc5 18. Re3 a3 19. Rb3 axb2 20. Rxb4
Be7 21. Rb7 Bc6 22. Nxc6 Qxc6 23. Ra7 Ra8 24. Rxa8+ Qxa8 25. e5 d5 26. f5
Qc6 27. fxe6 fxe5 28. Qh6 f6 29. Qh5+ Kd8 30. Bg2 Kc7 31. Bxd5 Qc5 32. Be4
Rd8 33. Rxd8 Kxd8 34. Qd1+ Bd6 35. Qd5 Qxd5 36. Bxd5 Ba3 37. Be4 Ke7 38.
Bf5 h6 39. c3 e4 40. Bxe4 Kxe6 41. Kc2 f5 42. Bd3 Bc5 43. Kxb2 Bg1 44. h3
Bf2 45. g4 fxg4 46. hxg4 Kd6 47. Kb3 Kc5 48. a4 Kb6 49. Kc4 Ka5 50. Kb3 Bh4
51. Bb5 Be7 52. Kc4 Bf8 53. Kd5 Be7 54. Be8 Bf8 55. Bb5 Be7 56. c4 Kb4 57.
Bd7 Bf8 58. Bb5 Be7 59. Kc6 Bf8 60. c5 Be7 61. Bd3 Bf8 62. Kd5 Bxc5 63. a5
Bf2 64. a6 Kc3 65. Bg6 Ba7 66. Kc6 Kd4 67. Kb7 Bc5 68. a7 Bxa7 69. Kxa7 Ke5
70. Kb6 Kf6 71. Bh5 Kg7 72. Kc5 Kf6 73. Kd6 Kg7 74. Ke7 Kh7 75. Kf7 Kh8 76.
Kg6 1-0

[Event "WCC"]
[Site "Khanty Mansyisk RUS"]
[Date "2005.11.27"]
[Round "1.1"]
[White "Fedorov,Alex"]
[Black "Cheparinov,I"]
[Result "1/2-1/2"]
[WhiteElo "2616"]
[BlackElo "2618"]
[EventDate "2005.11.27"]

1. e4 c5 2. Nf3 d6 3. d4 cxd4 4. Nxd4 Nf6 5. Nc3 a6 6. f3 e6 7. Be3 b5 8.
g4 h6 9. Qd2 b4 10. Nce2 e5 11. Nb3 a5 12. Rd1 a4 13. Nbc1 Nc6 14. Ng3 Qa5
15. Nf5 Bxf5 16. gxf5 d5 17. exd5 Nd4 18. Bxd4 exd4 19. Bc4 Bd6 20. Rg1
O-O-O 21. Rxg7 Nxd5 22. Bxd5 Qxd5 23. Ne2 Be5 24. Rg4 Qxf3 25. Qd3 Qxg4
1/2-1/2

[Event "WCC"]
[Site "Khanty Mansyisk RUS"]
[Date "2005.11.28"]
[Round "1.2"]
[White "Sibriaev,A"]
[Black "Ivanchuk,V"]
[Result "1/2-1/2"]
[WhiteElo "2264"]
[BlackElo "2748"]
[EventDate "2005.11.28"]

1. d4 Nf6 2. Bg5 e6 3. e4 d5 4. exd5 exd5 5. Nf3 Bd6 6. Be2 O-O 7. O-O Bf5
8. Re1 Nbd7 9. Nbd2 c6 10. c3 Qc7 11. Nf1 Rae8 12. Nh4 Bg4 13. f3 Be6 14.
Bd3 h6 15. Bd2 c5 16. Nf5 Bxf5 17. Bxf5 cxd4 18. cxd4 Nb8 19. Bc3 Rxe1 20.
Qxe1 Nc6 21. Qf2 Re8 22. Re1 Rxe1 23. Qxe1 Qb6 24. Qf2 Bb4 25. g3 Ne8 26.
Bd3 Nc7 27. Kg2 Qa5 28. Qd2 Ne6 29. Bb1 Qb6 30. Ne3 Bxc3 31. Qxc3 Ne7 32.
Nf5 Nxf5 33. Bxf5 g6 34. Bxe6 Qxe6 35. Qd2 1/2-1/2

[Event "WCC"]
[Site "Khanty Mansyisk RUS"]
[Date "2005.11.28"]
[Round "1.2"]
[White "Bacrot,E"]
[Black "Chumfwa,S"]
[Result "1-0"]
[WhiteElo "2725"]
[BlackElo "2303"]
[EventDate "2005.11.28"]

1. d4 Nf6 2. c4 e6 3. Nc3 Bb4 4. Nf3 c5 5. g3 cxd4 6. Nxd4 Ne4 7. Qd3 Bxc3+
8. bxc3 Nc5 9. Qf3 O-O 10. Bg2 d6 11. O-O Nc6 12. Nxc6 bxc6 13. Ba3 Rb8 14.
Rfd1 Qe7 15. Qf4 e5 16. Qd2 Be6 17. Qxd6 Qxd6 18. Rxd6 Na4 19. Rxc6 Rfc8
20. Bd6 Rxc6 21. Bxc6 Rb6 22. Bxa4 Rxd6 23. Rb1 g6 24. c5 Ra6 25. Rb8+ Kg7
26. Bb3 Kf6 27. Rb7 h5 28. f3 Rc6 29. Rxa7 Rxc5 30. Bxe6 Kxe6 31. Ra3 h4
32. Kg2 hxg3 33. hxg3 Kd5 34. Kf2 Kc4 35. Ra7 f5 36. Ra6 g5 37. Rg6 1-0

[Event "WCC"]
[Site "Khanty Mansyisk RUS"]
[Date "2005.11.28"]
[Round "1.2"]
[White "Frhat,A"]
[Black "Aronian,L"]
[Result "0-1"]
[WhiteElo "2306"]
[BlackElo "2724"]
[EventDate "2005.11.28"]

1. e4 e5 2. Nf3 Nc6 3. Bb5 Nf6 4. O-O Nxe4 5. d4 Nd6 6. Ba4 e4 7. Re1 Be7
8. Ne5 O-O 9. Nc3 f6 10. Nxc6 dxc6 11. Nxe4 Nxe4 12. Rxe4 f5 13. Re1 f4 14.
Qf3 Kh8 15. Bd2 a5 16. Bb3 Bd6 17. Be6 Bxe6 18. Rxe6 Qd7 19. Rae1 Rae8 20.
R6e4 Rxe4 21. Rxe4 h6 22. a4 b5 23. b3 bxa4 24. bxa4 Qf7 25. Bxa5 Ra8 26.
Bd2 Rxa4 27. h3 Ra3 28. c3 Ra1+ 29. Kh2 g5 30. Re1 Ra2 31. Qd3 Qh7 32. Re4
g4 33. hxg4 h5 34. g5 f3+ 35. Kh3 Rxd2 36. Qxf3 Qg6 37. g3 Rxf2 38. Qxf2
Qxe4 39. Qf6+ Kg8 40. Qd8+ Bf8 41. Kh2 Qe2+ 42. Kg1 Qe7 43. Qc8 Qxg5 44.
Qxc7 Qe3+ 45. Kg2 Qxc3 46. Qe5 Qc2+ 47. Kh3 Qg6 48. Qe3 Bd6 49. Qb3+ Kg7
50. Qf3 Qxg3+ 51. Qxg3+ Bxg3 0-1

[Event "WCC"]
[Site "Khanty Mansyisk RUS"]
[Date "2005.11.28"]
[Round "1.2"]
[White "Kobese,W"]
[Black "Gelfand,B"]
[Result "0-1"]
[WhiteElo "2400"]
[BlackElo "2717"]
[EventDate "2005.11.28"]

1. e4 c5 2. Nf3 d6 3. d4 cxd4 4. Nxd4 Nf6 5. Nc3 a6 6. Bc4 e6 7. Bb3 b5 8.
Be3 Bb7 9. f4 Nbd7 10. O-O Be7 11. Bxe6 fxe6 12. Nxe6 Qc8 13. Nxg7+ Kf7 14.
Nf5 Bf8 15. e5 Rg8 16. Ng3 Qc6 17. Qe2 Re8 18. Rad1 dxe5 19. fxe5 Rxe5 20.
Qf2 Rxe3 21. Rxd7+ Qxd7 22. Qxe3 Qc6 23. Nge4 Rg6 24. Qh3 Kg8 25. Qf5 Be7
0-1

[Event "WCC"]
[Site "Khanty Mansyisk RUS"]
[Date "2005.11.28"]
[Round "1.2"]
[White "Shirov,A"]
[Black "Kuderinov,K"]
[Result "1-0"]
[WhiteElo "2710"]
[BlackElo "2432"]
[EventDate "2005.11.28"]

1. e4 e5 2. Nf3 Nc6 3. Bb5 d6 4. d4 exd4 5. Nxd4 Bd7 6. Nc3 Nf6 7. Bxc6
bxc6 8. Qf3 c5 9. Nf5 Bxf5 10. exf5 Rb8 11. b3 Be7 12. Bb2 d5 13. O-O-O c6
14. g4 O-O 15. g5 Nd7 16. f6 Bd6 17. h4 Be5 18. Qf5 Rb7 19. h5 Qa5 20. Rh3
Qb4 21. Nxd5 Bxb2+ 22. Kxb2 cxd5 23. fxg7 Kxg7 24. Rxd5 Qa4 25. Rhd3 Rd8
26. h6+ Kg8 27. Qe5 f6 28. Qe7 1-0

[Event "WCC"]
[Site "Khanty Mansyisk RUS"]
[Date "2005.11.28"]
[Round "1.2"]
[White "Radjabov,T"]
[Black "Flores,Di"]
[Result "1-0"]
[WhiteElo "2704"]
[BlackElo "2479"]
[EventDate "2005.11.28"]

1. e4 c5 2. Nf3 e6 3. d4 cxd4 4. Nxd4 a6 5. Nc3 Qc7 6. Bd3 Nf6 7. O-O Nc6
8. Nxc6 dxc6 9. f4 e5 10. Kh1 Bc5 11. f5 h5 12. Qf3 b5 13. a4 Rb8 14. Bg5
Bb7 15. Bh4 Rd8 16. axb5 axb5 17. Nd1 Be7 18. Ne3 Rd4 19. Rad1 Qd6 20. Qe2
Qc7 21. c3 Rd8 22. Qf3 Kf8 23. Bc2 Ra8 24. Rd2 Bc5 25. Rfd1 Qb6 26. Bg5 Re8
27. Bb3 Bc8 28. Nc2 h4 29. Nb4 Nh5 30. Bxh4 Nf4 31. Bd8 Qb7 32. Bg5 Be7 33.
Bxe7+ Kxe7 34. g3 Nh5 35. Qe3 Kf8 36. Rd8 1-0

[Event "WCC"]
[Site "Khanty Mansyisk RUS"]
[Date "2005.11.28"]
[Round "1.2"]
[White "Adly,A"]
[Black "Ponomariov,R"]
[Result "0-1"]
[WhiteElo "2480"]
[BlackElo "2704"]
[EventDate "2005.11.28"]

1. d4 Nf6 2. Nf3 c5 3. e3 d5 4. c4 cxd4 5. exd4 g6 6. Nc3 Bg7 7. h3 O-O 8.
Be2 Nc6 9. O-O Be6 10. c5 Ne4 11. Be3 Nxc5 12. dxc5 d4 13. Nxd4 Nxd4 14.
Bf3 Rc8 15. Bd5 Bxd5 16. Bxd4 e5 17. Be3 Bc4 18. Qxd8 Rfxd8 19. Rfd1 f5 20.
f3 Bf6 21. Rac1 Bd3 22. Rd2 Kf7 23. a4 a6 24. b4 e4 25. fxe4 fxe4 26. b5
axb5 27. Nxb5 Ke6 28. Na7 Rc7 29. Nb5 Rc6 30. Nc3 b6 31. Ne2 Bxe2 32. Rxe2
Rd3 33. Kf1 bxc5 34. Rxc5 Rxc5 35. Bxc5 Kd5 36. Rc2 Rd1+ 37. Ke2 Ra1 38.
Be3 Rxa4 39. Rc5+ Kd6 40. Rc2 Be5 41. Rd2+ Ke6 42. Rc2 Ra5 43. Rd2 Bc3 44.
Rd8 Ra2+ 45. Kf1 Be5 46. Rd2 Ra3 47. Ke2 Bd6 48. Rd1 Rb3 49. Rd2 Rb5 50.
Rc2 Be5 51. Rd2 Bf6 52. Ra2 Kd5 53. Rd2+ Ke6 54. Ra2 Bc3 55. Ra7 Rb2+ 56.
Kf1 h5 57. Ra6+ Kf5 58. Rb6 Ra2 59. Rb5+ Ke6 60. Rb6+ Kd5 61. Rxg6 Kc4 62.
Rd6 Be5 63. Rd8 Bg3 64. Rd4+ Kc3 65. Rd1 h4 66. Bh6 Rf2+ 67. Kg1 Kc2 68.
Ra1 Rf6 69. Be3 Kd3 70. Ba7 Rf7 71. Ra3+ Kc2 72. Ra2+ Kb3 73. Ra6 Kc3 74.
Ra3+ Kb2 75. Ra4 Kc3 76. Ra3+ Kb4 77. Ra2 Rf8 78. Be3 Kc3 79. Bb6 Rb8 80.
Ba5+ Kd3 81. Ra3+ Kc4 82. Kf1 Rb2 83. Re3 Rf2+ 84. Kg1 Ra2 85. Rxe4+ Kd3
86. Re1 Rxa5 87. Rb1 Kc2 88. Rf1 Re5 89. Ra1 Kd2 90. Ra2+ Kd3 91. Ra3+ Kd4
92. Ra4+ Kd5 93. Ra5+ Ke6 94. Ra1 Re1+ 95. Rxe1+ Bxe1 96. Kf1 Bg3 97. Ke2
Kf5 98. Kf3 Bf4 99. Kf2 Ke4 100. Ke2 Be3 101. Kf1 Kf4 102. g4 hxg3 103. Kg2
Bd4 104. h4 Be5 105. h5 Kg5 106. Kf3 Kxh5 107. Kg2 Kg4 108. Kh1 Kf3 109.
Kg1 Bc3 0-1

[Event "WCC"]
[Site "Khanty Mansyisk RUS"]
[Date "2005.11.28"]
[Round "1.2"]
[White "Jun Zhao"]
[Black "Kamsky,G"]
[Result "1/2-1/2"]
[WhiteElo "2244"]
[BlackElo "2690"]
[EventDate "2005.11.28"]

1. d4 d5 2. Nf3 Nf6 3. c4 c6 4. e3 Bf5 5. Nc3 e6 6. Nh4 Be4 7. f3 Bg6 8.
Qb3 Qc7 9. Bd2 Nbd7 10. cxd5 Nxd5 11. Nxd5 exd5 12. Nxg6 hxg6 13. e4 dxe4
14. fxe4 Nf6 15. O-O-O O-O-O 16. Bg5 Rh5 17. h4 Rxg5 18. hxg5 Qf4+ 19. Kb1
Nxe4 20. Qh3+ Kc7 21. Qh4 Bd6 22. Qxf4 Bxf4 23. Rh4 Nd2+ 24. Kc2 Bxg5 25.
Rg4 Nxf1 26. Rxf1 Bf6 27. b4 a5 28. bxa5 Ra8 29. Kb3 Rxa5 30. a4 Kd6 31.
Rgf4 b5 32. axb5 Rxb5+ 33. Kc4 Ra5 34. Rb1 g5 35. Rf2 Ra4+ 36. Rb4 1/2-1/2

[Event "WCC"]
[Site "Khanty Mansyisk RUS"]
[Date "2005.11.28"]
[Round "1.2"]
[White "Pridorozhni,A"]
[Black "Lautier,J"]
[Result "1/2-1/2"]
[WhiteElo "2506"]
[BlackElo "2680"]
[EventDate "2005.11.28"]

1. e4 c5 2. Nc3 Nc6 3. Bb5 g6 4. Bxc6 bxc6 5. d3 Bg7 6. f4 d6 7. Nf3 Nh6 8.
O-O f5 9. e5 Nf7 10. exd6 exd6 11. Re1+ Kf8 12. Be3 Rb8 13. Rb1 Bd7 14. d4
cxd4 15. Bxd4 Bxd4+ 16. Qxd4 Qb6 17. b3 1/2-1/2

[Event "WCC"]
[Site "Khanty Mansyisk RUS"]
[Date "2005.11.28"]
[Round "1.2"]
[White "Vasquez,R"]
[Black "Bareev,E"]
[Result "1/2-1/2"]
[WhiteElo "2506"]
[BlackElo "2675"]
[EventDate "2005.11.28"]

1. e4 c6 2. d4 d5 3. exd5 cxd5 4. c4 Nf6 5. Nc3 e6 6. Nf3 Bb4 7. cxd5 Nxd5
8. Qc2 Nc6 9. a3 Ba5 10. Bd3 Nxc3 11. bxc3 Nxd4 12. Nxd4 Qxd4 13. Bb5+ Bd7
14. O-O Qd5 15. c4 Qf5 16. Bxd7+ Kxd7 17. Qb2 Rac8 18. Qxb7+ Rc7 19. Qb2
Rxc4 20. Be3 Rhc8 21. Bxa7 Bc3 22. Rad1+ Ke8 23. Qb3 Bf6 24. Bb6 Qc2 25.
Qb5+ Kf8 26. Ba5 Be7 27. Bb4 Bxb4 28. axb4 Qe4 29. Qb6 g6 30. b5 Qe5 31. g3
Qc7 32. Qa6 Rb8 33. Rb1 Qc5 34. Qa5 Rc2 35. Qa4 Rb6 36. Rb3 e5 37. h4 h5
38. Qe4 Kg7 39. Qd3 Rf6 40. Qe3 Rb6 41. Rfb1 Qxe3 42. Rxe3 Rc5 43. Reb3 f5
1/2-1/2

[Event "WCC"]
[Site "Khanty Mansyisk RUS"]
[Date "2005.11.28"]
[Round "1.2"]
[White "Li Shilong"]
[Black "Vallejo Pons,F"]
[Result "0-1"]
[WhiteElo "2510"]
[BlackElo "2674"]
[EventDate "2005.11.28"]

1. e4 c5 2. c4 Nc6 3. Nc3 g6 4. g3 Bg7 5. Bg2 d6 6. d3 Nf6 7. Nge2 O-O 8.
O-O Ne8 9. Be3 Nd4 10. Rb1 Bg4 11. f3 Bd7 12. b4 b6 13. Qd2 Rc8 14. f4 Nc7
15. Bf2 Kh8 16. Nd5 Nxe2+ 17. Qxe2 Ne6 18. Qd2 Nd4 19. Kh1 Kg8 20. Bg1 e6
21. Nc3 a6 22. Ne2 b5 23. bxc5 dxc5 24. Nxd4 cxd4 25. e5 bxc4 26. dxc4 Rxc4
27. Rfc1 Ra4 28. Bxd4 Bb5 29. Rb4 Qa5 30. Bc3 Rc8 31. Rd4 Qb6 32. Rxa4 Bxa4
33. Qb2 Qd8 34. Be1 Bf8 35. Rxc8 Qxc8 36. Qc3 Qd7 37. Bf3 Qb5 38. Kg2 Qb1
39. Qd2 Bb5 40. g4 h6 41. Bf2 Be7 42. h4 a5 43. Kg3 a4 44. Qa5 Qxa2 45. Qa7
Bf8 46. g5 hxg5 47. hxg5 Qc4 48. Qa8 a3 49. Bb6 a2 50. Bd8 Qa4 51. Qb8 a1=Q
0-1

[Event "WCC"]
[Site "Khanty Mansyisk RUS"]
[Date "2005.11.28"]
[Round "1.2"]
[White "Lima,Da"]
[Black "Sakaev,K"]
[Result "0-1"]
[WhiteElo "2529"]
[BlackElo "2668"]
[EventDate "2005.11.28"]

1. e4 c6 2. d4 d5 3. exd5 cxd5 4. c4 Nf6 5. Nc3 e6 6. Nf3 Be7 7. cxd5 Nxd5
8. Bc4 Nb6 9. Bb3 Nc6 10. O-O O-O 11. Re1 Bd7 12. a3 Na5 13. Bc2 Nac4 14.
h4 Bxh4 15. Nxh4 Qxh4 16. Re4 Qe7 17. Qh5 f5 18. Rh4 h6 19. Rh3 Qf7 20. Qe2
Rad8 21. Bb3 Na5 22. Ba2 Nc6 23. Bf4 Bc8 24. Rd1 Nd5 25. Nxd5 exd5 26. Qd2
Rfe8 27. Bb1 Re6 28. b4 a6 29. a4 Rde8 30. b5 axb5 31. axb5 Ne7 32. Bc7 Ng6
33. b6 Re2 34. Qa5 f4 35. Rf3 Bf5 36. Bxf5 Qxf5 37. Kh2 Rxf2 38. Qa4 Ree2
0-1

[Event "WCC"]
[Site "Khanty Mansyisk RUS"]
[Date "2005.11.28"]
[Round "1.2"]
[White "Volokitin,And"]
[Black "Cao Sang"]
[Result "1/2-1/2"]
[WhiteElo "2666"]
[BlackElo "2488"]
[EventDate "2005.11.28"]

1. e4 e6 2. d4 d5 3. Nc3 Bb4 4. e5 c5 5. a3 Bxc3+ 6. bxc3 Qa5 7. Bd2 Qa4 8.
Qb1 c4 9. Nh3 Nc6 10. Nf4 g6 11. h4 h6 12. g3 Bd7 13. Be2 O-O-O 14. Qc1 Kb8
15. Ng2 Rc8 16. Bf4 Ka8 17. O-O Qa5 18. Qd2 Rf8 19. a4 f6 20. exf6 Nxf6 21.
f3 Nh5 22. Bd6 Rf7 23. g4 Nf6 24. Qe3 g5 25. h5 Bc8 26. Bh2 Rg8 27. f4 gxf4
28. Rxf4 e5 29. dxe5 Nxg4 30. Bxg4 Rxf4 31. Bxc8 Re4 32. Qh3 Nxe5 33. Kh1
Ng4 34. Bxg4 Rexg4 35. Nf4 Qd8 36. Ng6 Re4 37. Rf1 Rge8 38. Qf5 d4 39. cxd4
Qxd4 40. Bg3 a6 41. Bf2 Qd6 42. a5 Qc6 43. Kg1 c3 44. Rd1 Qc8 45. Qxc8+
Rxc8 46. Kf1 Ra4 47. Ne5 Rg8 48. Rd5 Ra2 49. Be3 Rxc2 50. Bxh6 Rh2 51. Nd3
Rh8 52. Bg7 R2xh5 53. Rxh5 Rxh5 54. Bxc3 b6 55. axb6 Kb7 56. Ke2 Kxb6 57.
Ke3 1/2-1/2